01527nam a2200337Ia 450000500170000000800410001702000180005804000180007604100080009405000120010208200210011410000270013524500770016225000120023926000490025130000320030065000690033265000450040165000710044665000410051765000280055865000360058665000360062265000450065870000280070394200300073199900190076195201140078095201260089495201690102020241125103538.0210716s2001 xx 000 0 und d a9788120314654 cAIMIT LIBRARY aeng a1st ed. a005.74 22bHANG aHansen, Gary W.947141 aDatabase management and design /cBy Gary W. Hansen and James V. Hansen. a2nd ed. aNew Delhi :bPHI Learning Pvt Ltd. ,c2001 . axxvi, 582p. ;bPBc25.5 cm. aDatabase systems and the evolution of database technology947142 aDBMS selection and implementation947143 aRelational database implementationPhysical database system9186060 aDistributed database systems9186061 aAdvanced topics9186083 aLegacy database systems9186084 aHierarchical data model9186085 aManaging the databse environment9186086 aHansen, James V.947144 2ddccBKe2ndk005.74 HANG c183477d183477 00102ddc40708MCAaAIMITbAIMITd2021-07-16l0o005.74 HANGpMCA02985r2025-07-21 00:00:00w2021-07-16yBK 00102ddc40708MCAaAIMITbAIMITd2021-07-16l1o005.74 HANGpMCA04270r2025-07-21 00:00:00s2023-01-31w2021-07-16yBK 00102ddc40738MCAaAIMITbAIMITeSita Book Houseg295.00iBill no:5123; Bill dt:2003-04-05l0o005.74 HANGpMCA05030r2025-07-21 00:00:00v250.75w2021-07-16yBK